| 000 | 00338 a2200145 4500 | ||
|---|---|---|---|
| 001 | 176296 | ||
| 020 | _a | ||
| 040 | _cMagnum | ||
| 100 | _aGarcia, Maria de Los Angeles Jimenez | ||
| 240 | 1 | 0 |
_aLas memorias de greta _lpor |
| 245 | 1 | 0 | _aLas memorias de greta |
| 362 | 0 | _a1899 | |
| 697 | _aMAGNITO: LITERATURA ESTRANGEIR | ||
| 942 | _cBK | ||
| 999 |
_c176296 _d176296 |
||